[Event "April 9 Late 2024"]
[Site "Chess.com"]
[Date "2024.04.09"]
[Round "7"]
[White "Kalavannan, Koby"]
[Black "Kovalevsky, Stanislav"]
[Result "1-0"]
[Board "56"]
[WhiteFideId "425753"]
[BlackFideId "13508598"]
[WhiteTitle "FM"]
[BlackTitle "FM"]
[WhiteElo "2645"]
[BlackElo "2472"]
[WhiteTeam "ENG"]
[BlackTeam "FID"]
[WhiteClock "0:01:41"]
[BlackClock "0:01:15"]
[Variant "Standard"]

1. d4 {[%clk 0:02:57]}  e6 {[%clk 0:02:59]} 2. Nf3 {[%clk 0:02:56]}  d5 {[%clk 0:02:59]} 3. c4 {[%clk 0:02:52]}  Nf6 {[%clk 0:02:59]} 4. g3 {[%clk 0:02:52]}  c6 {[%clk 0:02:59]} 5. Nbd2 {[%clk 0:02:50]}  Nbd7 {[%clk 0:02:59]} 6. Bg2 {[%clk 0:02:51]}  Ne4 {[%clk 0:02:58]} 7. O-O {[%clk 0:02:51]}  f5 {[%clk 0:02:58]} 8. b3 {[%clk 0:02:49]}  Be7 {[%clk 0:02:55]} 9. Bb2 {[%clk 0:02:49]}  O-O {[%clk 0:02:55]} 10. a4 {[%clk 0:02:48]}  a5 {[%clk 0:02:54]} 11. Ba3 {[%clk 0:02:48]}  g5 {[%clk 0:02:41]} 12. Qc2 {[%clk 0:02:43]}  g4 {[%clk 0:02:39]} 13. Bxe7 {[%clk 0:02:40]}  Qxe7 {[%clk 0:02:39]} 14. Nxe4 {[%clk 0:02:29]}  gxf3 {[%clk 0:02:27]} 15. exf3 {[%clk 0:02:27]}  fxe4 {[%clk 0:02:27]} 16. fxe4 {[%clk 0:02:28]}  dxe4 {[%clk 0:02:15]} 17. Bxe4 {[%clk 0:02:28]}  e5 {[%clk 0:02:15]} 18. Rfe1 {[%clk 0:02:23]}  Qg7 {[%clk 0:02:10]} 19. d5 {[%clk 0:02:15]}  Nf6 {[%clk 0:02:05]} 20. dxc6 {[%clk 0:02:15]}  Nxe4 {[%clk 0:02:05]} 21. Qxe4 {[%clk 0:02:15]}  bxc6 {[%clk 0:02:04]} 22. Qxc6 {[%clk 0:02:11]}  Bb7 {[%clk 0:01:57]} 23. Qe6+ {[%clk 0:02:11]}  Qf7 {[%clk 0:01:50]} 24. Rxe5 {[%clk 0:02:04]}  Qxe6 {[%clk 0:01:38]} 25. Rxe6 {[%clk 0:02:05]}  Ra6 {[%clk 0:01:34]} 26. Rxa6 {[%clk 0:01:57]}  Bxa6 {[%clk 0:01:34]} 27. Re1 {[%clk 0:01:54]}  Rb8 {[%clk 0:01:34]} 28. Re6 {[%clk 0:01:47]}  Bb7 {[%clk 0:01:23]} 29. Rb6 {[%clk 0:01:45]}  Kf7 {[%clk 0:01:19]} 30. c5 {[%clk 0:01:45]}  Ke7 {[%clk 0:01:15]} 31. c6 {[%clk 0:01:44]}  Kd6 {[%clk 0:01:15]} 32. cxb7+ {[%clk 0:01:41]} 1-0

[Event "April 9 Late 2024"]
[Site "Chess.com"]
[Date "2024.04.09"]
[Round "7"]
[White "Deviprasath, Sharvesh"]
[Black "Suder, Jakub"]
[Result "0-1"]
[Board "58"]
[WhiteFideId "30938228"]
[BlackFideId "1195310"]
[WhiteTitle "FM"]
[BlackTitle "FM"]
[WhiteElo "2426"]
[BlackElo "2640"]
[WhiteTeam "USA"]
[BlackTeam "POL"]
[WhiteClock "0:00:07"]
[BlackClock "0:00:38"]
[Variant "Standard"]

1. e4 {[%clk 0:03:00]}  c5 {[%clk 0:02:57]} 2. Nf3 {[%clk 0:03:00]}  e6 {[%clk 0:02:55]} 3. d4 {[%clk 0:02:59]}  cxd4 {[%clk 0:02:56]} 4. Nxd4 {[%clk 0:03:00]}  Nc6 {[%clk 0:02:56]} 5. Nc3 {[%clk 0:03:00]}  Nf6 {[%clk 0:02:56]} 6. Ndb5 {[%clk 0:03:00]}  d6 {[%clk 0:02:56]} 7. Bf4 {[%clk 0:02:58]}  e5 {[%clk 0:02:57]} 8. Bg5 {[%clk 0:02:59]}  a6 {[%clk 0:02:57]} 9. Bxf6 {[%clk 0:02:59]}  gxf6 {[%clk 0:02:56]} 10. Na3 {[%clk 0:03:00]}  f5 {[%clk 0:02:57]} 11. Bd3 {[%clk 0:02:58]}  fxe4 {[%clk 0:02:54]} 12. Bxe4 {[%clk 0:02:58]}  Bg7 {[%clk 0:02:52]} 13. Qh5 {[%clk 0:02:50]}  Be6 {[%clk 0:02:49]} 14. O-O {[%clk 0:02:30]}  Qf6 {[%clk 0:02:37]} 15. Rad1 {[%clk 0:02:14]}  Rd8 {[%clk 0:02:34]} 16. Nd5 {[%clk 0:01:45]}  Bxd5 {[%clk 0:02:34]} 17. Rxd5 {[%clk 0:01:45]}  Ne7 {[%clk 0:02:28]} 18. Rd3 {[%clk 0:01:42]}  d5 {[%clk 0:02:28]} 19. Rf3 {[%clk 0:01:33]}  Qe6 {[%clk 0:02:28]} 20. Bf5 {[%clk 0:01:24]}  Nxf5 {[%clk 0:02:26]} 21. Rxf5 {[%clk 0:01:24]}  d4 {[%clk 0:02:02]} 22. Nb1 {[%clk 0:01:15]}  Rc8 {[%clk 0:01:51]} 23. Re1 {[%clk 0:00:59]}  O-O {[%clk 0:01:49]} 24. Nd2 {[%clk 0:00:48]}  Rxc2 {[%clk 0:01:47]} 25. Ne4 {[%clk 0:00:43]}  Qg6 {[%clk 0:01:43]} 26. Qf3 {[%clk 0:00:40]}  h6 {[%clk 0:01:39]} 27. h4 {[%clk 0:00:37]}  Kh8 {[%clk 0:01:36]} 28. Nf6 {[%clk 0:00:28]}  Bxf6 {[%clk 0:01:19]} 29. Rxf6 {[%clk 0:00:27]}  Qg7 {[%clk 0:01:20]} 30. Rxe5 {[%clk 0:00:23]}  Rc6 {[%clk 0:01:01]} 31. Rxc6 {[%clk 0:00:19]}  bxc6 {[%clk 0:01:00]} 32. Rh5 {[%clk 0:00:15]}  Rd8 {[%clk 0:00:44]} 33. Rf5 {[%clk 0:00:12]}  d3 {[%clk 0:00:38]} 34. Rxf7 {[%clk 0:00:11]}  d2 {[%clk 0:00:38]} 35. Rxg7 {[%clk 0:00:07]}  d1=Q+ {[%clk 0:00:39]} 36. Qxd1 {[%clk 0:00:06]}  Rxd1+ {[%clk 0:00:38]} 37. Kh2 {[%clk 0:00:07]} 0-1

[Event "April 9 Late 2024"]
[Site "Chess.com"]
[Date "2024.04.09"]
[Round "7"]
[White "Ticona Rocabado, Licael Roderick"]
[Black "Merino Garcia, Rafael II"]
[Result "1-0"]
[Board "60"]
[WhiteFideId "3319113"]
[BlackFideId "2209128"]
[WhiteTitle "IM"]
[BlackTitle "FM"]
[WhiteElo "2628"]
[BlackElo "2412"]
[WhiteTeam "BOL"]
[BlackTeam "ESP"]
[WhiteClock "0:02:38"]
[BlackClock "0:01:30"]
[Variant "Standard"]

1. e4 {[%clk 0:03:00]}  d6 {[%clk 0:02:55]} 2. d4 {[%clk 0:03:00]}  Nd7 {[%clk 0:02:55]} 3. Nf3 {[%clk 0:03:00]}  g6 {[%clk 0:02:54]} 4. c4 {[%clk 0:02:56]}  Bg7 {[%clk 0:02:54]} 5. Nc3 {[%clk 0:02:57]}  e5 {[%clk 0:02:54]} 6. Be2 {[%clk 0:02:57]}  Ne7 {[%clk 0:02:54]} 7. O-O {[%clk 0:02:57]}  O-O {[%clk 0:02:55]} 8. Re1 {[%clk 0:02:54]}  exd4 {[%clk 0:02:54]} 9. Nxd4 {[%clk 0:02:53]}  Nc6 {[%clk 0:02:54]} 10. Be3 {[%clk 0:02:53]}  Nde5 {[%clk 0:02:48]} 11. Qd2 {[%clk 0:02:52]}  Nxd4 {[%clk 0:02:46]} 12. Bxd4 {[%clk 0:02:53]}  Be6 {[%clk 0:02:46]} 13. b3 {[%clk 0:02:53]}  c5 {[%clk 0:02:35]} 14. Be3 {[%clk 0:02:52]}  Nc6 {[%clk 0:02:35]} 15. Rad1 {[%clk 0:02:52]}  Nd4 {[%clk 0:02:35]} 16. Bf1 {[%clk 0:02:50]}  a6 {[%clk 0:02:07]} 17. Ne2 {[%clk 0:02:48]}  Bg4 {[%clk 0:01:49]} 18. f3 {[%clk 0:02:46]}  Bxf3 {[%clk 0:01:48]} 19. Bxd4 {[%clk 0:02:42]}  Bxe2 {[%clk 0:01:47]} 20. Bxg7 {[%clk 0:02:40]}  Bxd1 {[%clk 0:01:36]} 21. Bxf8 {[%clk 0:02:40]}  Qxf8 {[%clk 0:01:30]} 22. Rxd1 {[%clk 0:02:38]} 1-0

[Event "April 9 Late 2024"]
[Site "Chess.com"]
[Date "2024.04.09"]
[Round "7"]
[White "Wagner, Dennis"]
[Black "Seletsky, Grigory"]
[Result "1/2-1/2"]
[Board "65"]
[WhiteFideId "24650684"]
[BlackFideId "14112191"]
[WhiteTitle "GM"]
[BlackTitle "FM"]
[WhiteElo "2768"]
[BlackElo "2506"]
[WhiteTeam "GER"]
[BlackTeam "UKR"]
[WhiteClock "0:00:03"]
[BlackClock "0:01:04"]
[Variant "Standard"]

1. e4 {[%clk 0:02:55]}  c6 {[%clk 0:02:52]} 2. d4 {[%clk 0:02:53]}  d5 {[%clk 0:02:48]} 3. e5 {[%clk 0:02:54]}  Bf5 {[%clk 0:02:47]} 4. h4 {[%clk 0:02:52]}  h6 {[%clk 0:02:46]} 5. Bd3 {[%clk 0:02:43]}  Bxd3 {[%clk 0:02:43]} 6. Qxd3 {[%clk 0:02:44]}  e6 {[%clk 0:02:42]} 7. Ne2 {[%clk 0:02:41]}  Qa5+ {[%clk 0:02:42]} 8. c3 {[%clk 0:02:40]}  Qa6 {[%clk 0:02:43]} 9. Qd1 {[%clk 0:02:37]}  h5 {[%clk 0:02:42]} 10. Bg5 {[%clk 0:02:29]}  Nd7 {[%clk 0:02:33]} 11. Nd2 {[%clk 0:02:26]}  Ne7 {[%clk 0:02:30]} 12. Ng3 {[%clk 0:02:16]}  g6 {[%clk 0:02:30]} 13. Ne2 {[%clk 0:02:09]}  Nf5 {[%clk 0:02:28]} 14. O-O {[%clk 0:02:06]}  Be7 {[%clk 0:02:23]} 15. Bxe7 {[%clk 0:02:04]}  Nxe7 {[%clk 0:02:16]} 16. b4 {[%clk 0:02:02]}  Nf5 {[%clk 0:02:15]} 17. g3 {[%clk 0:01:55]}  Nb6 {[%clk 0:02:07]} 18. a4 {[%clk 0:01:50]}  Nc4 {[%clk 0:02:08]} 19. Nb3 {[%clk 0:01:47]}  b6 {[%clk 0:02:06]} 20. a5 {[%clk 0:01:43]}  Qb7 {[%clk 0:02:05]} 21. Qd3 {[%clk 0:01:36]}  O-O {[%clk 0:02:04]} 22. Nf4 {[%clk 0:01:33]}  Qe7 {[%clk 0:01:44]} 23. Ra2 {[%clk 0:01:29]}  Rfc8 {[%clk 0:01:42]} 24. Rfa1 {[%clk 0:01:29]}  Rab8 {[%clk 0:01:42]} 25. axb6 {[%clk 0:01:22]}  axb6 {[%clk 0:01:43]} 26. Qe2 {[%clk 0:01:11]}  Rc7 {[%clk 0:01:40]} 27. Ra8 {[%clk 0:00:49]}  Rcc8 {[%clk 0:01:31]} 28. R8a7 {[%clk 0:00:42]}  Rb7 {[%clk 0:01:24]} 29. R7a6 {[%clk 0:00:40]}  Kg7 {[%clk 0:01:23]} 30. R1a2 {[%clk 0:00:37]}  Rcc7 {[%clk 0:01:24]} 31. Ra8 {[%clk 0:00:36]}  Ra7 {[%clk 0:01:23]} 32. Nc1 {[%clk 0:00:16]}  Rxa8 {[%clk 0:01:20]} 33. Rxa8 {[%clk 0:00:15]}  Ra7 {[%clk 0:01:21]} 34. Rxa7 {[%clk 0:00:06]}  Qxa7 {[%clk 0:01:20]} 35. Ncd3 {[%clk 0:00:05]}  Qa1+ {[%clk 0:01:19]} 36. Qe1 {[%clk 0:00:06]}  Qa2 {[%clk 0:01:15]} 37. Qe2 {[%clk 0:00:03]}  Qa1+ {[%clk 0:01:07]} 38. Qe1 {[%clk 0:00:03]}  Qa2 {[%clk 0:01:05]} 39. Qe2 {[%clk 0:00:03]}  Qa1+ {[%clk 0:01:04]} 1/2-1/2

[Event "April 9 Late 2024"]
[Site "Chess.com"]
[Date "2024.04.09"]
[Round "7"]
[White "Tristan, Leonardo"]
[Black "Gutierrez Olivares, Daniel"]
[Result "0-1"]
[Board "66"]
[WhiteFideId "113816"]
[BlackFideId "2264005"]
[WhiteTitle "GM"]
[BlackTitle "FM"]
[WhiteElo "2748"]
[BlackElo "2498"]
[WhiteTeam "ARG"]
[BlackTeam "ESP"]
[WhiteClock "0:00:00"]
[BlackClock "0:00:10"]
[Variant "Standard"]

1. d4 {[%clk 0:03:00]}  Nf6 {[%clk 0:02:59]} 2. Nf3 {[%clk 0:03:01]}  e6 {[%clk 0:02:59]} 3. Bf4 {[%clk 0:03:01]}  c5 {[%clk 0:02:59]} 4. e3 {[%clk 0:03:00]}  b6 {[%clk 0:02:58]} 5. c3 {[%clk 0:02:55]}  Bb7 {[%clk 0:02:57]} 6. Nbd2 {[%clk 0:02:54]}  cxd4 {[%clk 0:02:55]} 7. exd4 {[%clk 0:02:54]}  Be7 {[%clk 0:02:55]} 8. h3 {[%clk 0:02:54]}  O-O {[%clk 0:02:55]} 9. Bd3 {[%clk 0:02:54]}  d6 {[%clk 0:02:52]} 10. O-O {[%clk 0:02:54]}  Re8 {[%clk 0:02:52]} 11. Bh2 {[%clk 0:02:54]}  Nbd7 {[%clk 0:02:52]} 12. a4 {[%clk 0:02:54]}  a6 {[%clk 0:02:51]} 13. Re1 {[%clk 0:02:54]}  Nf8 {[%clk 0:02:51]} 14. Nc4 {[%clk 0:02:54]}  Ng6 {[%clk 0:02:43]} 15. Nfd2 {[%clk 0:02:50]}  Nh4 {[%clk 0:02:38]} 16. Bf1 {[%clk 0:02:50]}  Nf5 {[%clk 0:02:27]} 17. Qb3 {[%clk 0:02:49]}  Nd5 {[%clk 0:02:20]} 18. Ne4 {[%clk 0:02:46]}  Rb8 {[%clk 0:02:16]} 19. Bd3 {[%clk 0:02:23]}  Bc6 {[%clk 0:02:13]} 20. Qc2 {[%clk 0:02:21]}  g6 {[%clk 0:02:10]} 21. Ned2 {[%clk 0:02:10]}  Nh4 {[%clk 0:01:58]} 22. Be4 {[%clk 0:01:52]}  f5 {[%clk 0:01:51]} 23. Bd3 {[%clk 0:01:52]}  Nxg2 {[%clk 0:01:42]} 24. Rxe6 {[%clk 0:01:52]}  Ndf4 {[%clk 0:01:40]} 25. Bxf4 {[%clk 0:01:39]}  Nxf4 {[%clk 0:01:41]} 26. Re3 {[%clk 0:01:37]}  Bh4 {[%clk 0:01:37]} 27. Rxe8+ {[%clk 0:00:50]}  Bxe8 {[%clk 0:01:35]} 28. Nf3 {[%clk 0:00:48]}  Bc6 {[%clk 0:01:23]} 29. Ncd2 {[%clk 0:00:39]}  Nxh3+ {[%clk 0:01:22]} 30. Kh2 {[%clk 0:00:37]}  Nxf2 {[%clk 0:01:19]} 31. Bc4+ {[%clk 0:00:35]}  d5 {[%clk 0:01:05]} 32. Bf1 {[%clk 0:00:32]}  Qd6+ {[%clk 0:01:02]} 33. Ne5 {[%clk 0:00:33]}  Ng4+ {[%clk 0:01:02]} 34. Kh3 {[%clk 0:00:26]}  Bf6 {[%clk 0:00:39]} 35. Ndf3 {[%clk 0:00:19]}  Ne3 {[%clk 0:00:31]} 36. Qe2 {[%clk 0:00:16]}  f4 {[%clk 0:00:32]} 37. Kh2 {[%clk 0:00:15]}  g5 {[%clk 0:00:27]} 38. Bh3 {[%clk 0:00:10]}  h5 {[%clk 0:00:20]} 39. Rg1 {[%clk 0:00:10]}  g4 {[%clk 0:00:20]} 40. Nxg4 {[%clk 0:00:10]}  hxg4 {[%clk 0:00:21]} 41. Bxg4 {[%clk 0:00:11]}  Kf8 {[%clk 0:00:19]} 42. Bh5 {[%clk 0:00:07]}  Rb7 {[%clk 0:00:17]} 43. Qd3 {[%clk 0:00:07]}  Rg7 {[%clk 0:00:16]} 44. Rxg7 {[%clk 0:00:04]}  Bxg7 {[%clk 0:00:16]} 45. Nh4 {[%clk 0:00:05]}  Qh6 {[%clk 0:00:12]} 46. Qe2 {[%clk 0:00:05]}  Be8 {[%clk 0:00:10]} 47. Ng6+ {[%clk 0:00:00]}  Bxg6 {[%clk 0:00:10]} 0-1

[Event "April 9 Late 2024"]
[Site "Chess.com"]
[Date "2024.04.09"]
[Round "7"]
[White "Mirzoev, Azer"]
[Black "Slovineanu, Viacheslav"]
[Result "1-0"]
[Board "68"]
[WhiteFideId "13400304"]
[BlackFideId "13900510"]
[WhiteTitle "GM"]
[BlackTitle "IM"]
[WhiteElo "2675"]
[BlackElo "2492"]
[WhiteTeam "AZE"]
[BlackTeam "MDA"]
[WhiteClock "0:01:34"]
[BlackClock "0:00:06"]
[Variant "Standard"]

1. d4 {[%clk 0:02:59]}  Nf6 {[%clk 0:02:59]} 2. c4 {[%clk 0:02:58]}  e6 {[%clk 0:02:56]} 3. Nc3 {[%clk 0:02:58]}  d5 {[%clk 0:02:56]} 4. Nf3 {[%clk 0:02:57]}  c5 {[%clk 0:02:56]} 5. cxd5 {[%clk 0:02:56]}  Nxd5 {[%clk 0:02:56]} 6. e3 {[%clk 0:02:56]}  cxd4 {[%clk 0:02:57]} 7. exd4 {[%clk 0:02:56]}  Bb4 {[%clk 0:02:57]} 8. Bd2 {[%clk 0:02:56]}  O-O {[%clk 0:02:57]} 9. Bd3 {[%clk 0:02:56]}  b6 {[%clk 0:02:58]} 10. O-O {[%clk 0:02:55]}  Bb7 {[%clk 0:02:58]} 11. Re1 {[%clk 0:02:51]}  Nd7 {[%clk 0:02:57]} 12. a3 {[%clk 0:02:46]}  Bd6 {[%clk 0:02:52]} 13. Ne4 {[%clk 0:02:40]}  Bf4 {[%clk 0:02:42]} 14. Be3 {[%clk 0:02:32]}  N7f6 {[%clk 0:02:27]} 15. Ng3 {[%clk 0:02:21]}  Qd6 {[%clk 0:02:18]} 16. Nf1 {[%clk 0:01:58]}  Ng4 {[%clk 0:01:52]} 17. h3 {[%clk 0:01:58]}  Ngf6 {[%clk 0:01:10]} 18. Rc1 {[%clk 0:01:53]}  Rac8 {[%clk 0:01:09]} 19. Rxc8 {[%clk 0:01:53]}  Rxc8 {[%clk 0:01:09]} 20. Qe2 {[%clk 0:01:44]}  Bxe3 {[%clk 0:00:52]} 21. fxe3 {[%clk 0:01:43]}  Ne7 {[%clk 0:00:42]} 22. N1d2 {[%clk 0:01:39]}  Ng6 {[%clk 0:00:27]} 23. Qf2 {[%clk 0:01:38]}  e5 {[%clk 0:00:06]} 24. Bxg6 {[%clk 0:01:34]} 1-0

[Event "April 9 Late 2024"]
[Site "Chess.com"]
[Date "2024.04.09"]
[Round "7"]
[White "Goncalves, Samuel Jesus P"]
[Black "Aldokhin, Ivan"]
[Result "0-1"]
[Board "70"]
[WhiteFideId "1945130"]
[BlackFideId "24115720"]
[BlackTitle "IM"]
[WhiteElo "2480"]
[BlackElo "2647"]
[WhiteTeam "POR"]
[BlackTeam "RUS"]
[WhiteClock "0:00:14"]
[BlackClock "0:01:42"]
[Variant "Standard"]

1. e4 {[%clk 0:02:56]}  c5 {[%clk 0:03:00]} 2. Nf3 {[%clk 0:02:57]}  e6 {[%clk 0:03:00]} 3. g3 {[%clk 0:02:56]}  b6 {[%clk 0:03:00]} 4. Bg2 {[%clk 0:02:55]}  Bb7 {[%clk 0:03:00]} 5. d4 {[%clk 0:02:56]}  cxd4 {[%clk 0:03:00]} 6. Nxd4 {[%clk 0:02:56]}  a6 {[%clk 0:03:01]} 7. O-O {[%clk 0:02:56]}  d6 {[%clk 0:03:01]} 8. c4 {[%clk 0:02:56]}  Nf6 {[%clk 0:03:01]} 9. Nc3 {[%clk 0:02:56]}  Nbd7 {[%clk 0:03:00]} 10. Re1 {[%clk 0:02:55]}  Qc7 {[%clk 0:03:00]} 11. Be3 {[%clk 0:02:36]}  Be7 {[%clk 0:03:00]} 12. Rc1 {[%clk 0:02:35]}  O-O {[%clk 0:02:59]} 13. b4 {[%clk 0:02:30]}  Ne5 {[%clk 0:02:59]} 14. Qb3 {[%clk 0:01:31]}  Nd3 {[%clk 0:02:32]} 15. f3 {[%clk 0:00:46]}  Nxe1 {[%clk 0:02:29]} 16. Rxe1 {[%clk 0:00:45]}  Rac8 {[%clk 0:02:29]} 17. Bf1 {[%clk 0:00:46]}  d5 {[%clk 0:02:22]} 18. cxd5 {[%clk 0:00:40]}  Qxc3 {[%clk 0:02:19]} 19. Qxc3 {[%clk 0:00:40]}  Rxc3 {[%clk 0:02:20]} 20. dxe6 {[%clk 0:00:41]}  Rxe3 {[%clk 0:02:09]} 21. Rxe3 {[%clk 0:00:36]}  Bxb4 {[%clk 0:02:10]} 22. exf7+ {[%clk 0:00:34]}  Kxf7 {[%clk 0:02:08]} 23. Kg2 {[%clk 0:00:26]}  Bc5 {[%clk 0:02:07]} 24. Rd3 {[%clk 0:00:27]}  Nxe4 {[%clk 0:01:58]} 25. Nf5 {[%clk 0:00:20]}  Kf6 {[%clk 0:01:47]} 26. Nxg7 {[%clk 0:00:14]}  Kxg7 {[%clk 0:01:42]} 0-1

[Event "April 9 Late 2024"]
[Site "Chess.com"]
[Date "2024.04.09"]
[Round "7"]
[White "Smiech, Sara"]
[Black "Wu, Derek"]
[Result "0-1"]
[Board "72"]
[WhiteFideId "91102863"]
[BlackFideId "30914558"]
[BlackTitle "FM"]
[WhiteElo "2477"]
[BlackElo "2638"]
[WhiteTeam "POL"]
[BlackTeam "USA"]
[WhiteClock "0:00:00"]
[BlackClock "0:00:37"]
[Variant "Standard"]

1. e4 {[%clk 0:02:57]}  e5 {[%clk 0:02:59]} 2. Nf3 {[%clk 0:02:56]}  Nc6 {[%clk 0:02:59]} 3. Bb5 {[%clk 0:02:54]}  Nf6 {[%clk 0:02:59]} 4. Qe2 {[%clk 0:02:54]}  d6 {[%clk 0:02:53]} 5. O-O {[%clk 0:02:52]}  Bd7 {[%clk 0:02:52]} 6. c3 {[%clk 0:02:52]}  a6 {[%clk 0:02:51]} 7. Ba4 {[%clk 0:02:51]}  g6 {[%clk 0:02:51]} 8. Re1 {[%clk 0:02:50]}  Bg7 {[%clk 0:02:51]} 9. d3 {[%clk 0:02:49]}  O-O {[%clk 0:02:51]} 10. Nbd2 {[%clk 0:02:48]}  Nh5 {[%clk 0:02:43]} 11. Nf1 {[%clk 0:02:48]}  Nd4 {[%clk 0:02:40]} 12. cxd4 {[%clk 0:02:30]}  Bxa4 {[%clk 0:02:40]} 13. Bg5 {[%clk 0:02:18]}  Qd7 {[%clk 0:02:33]} 14. d5 {[%clk 0:02:05]}  f6 {[%clk 0:02:25]} 15. Be3 {[%clk 0:01:47]}  Qf7 {[%clk 0:02:21]} 16. Rac1 {[%clk 0:01:41]}  c5 {[%clk 0:02:21]} 17. dxc6 {[%clk 0:01:34]}  Bxc6 {[%clk 0:02:21]} 18. Ng3 {[%clk 0:01:34]}  Nf4 {[%clk 0:02:16]} 19. Qd2 {[%clk 0:01:27]}  Qxa2 {[%clk 0:02:04]} 20. d4 {[%clk 0:01:21]}  f5 {[%clk 0:01:52]} 21. d5 {[%clk 0:01:14]}  Bb5 {[%clk 0:01:31]} 22. Ra1 {[%clk 0:00:43]}  Qc4 {[%clk 0:01:25]} 23. Rac1 {[%clk 0:00:28]}  Qd3 {[%clk 0:01:18]} 24. Bxf4 {[%clk 0:00:27]}  exf4 {[%clk 0:01:19]} 25. Qxf4 {[%clk 0:00:26]}  fxe4 {[%clk 0:01:15]} 26. Qxe4 {[%clk 0:00:26]}  Bxb2 {[%clk 0:01:04]} 27. Qxd3 {[%clk 0:00:14]}  Bxd3 {[%clk 0:01:05]} 28. Rc7 {[%clk 0:00:15]}  Rf7 {[%clk 0:00:58]} 29. Ree7 {[%clk 0:00:13]}  Rxe7 {[%clk 0:00:56]} 30. Rxe7 {[%clk 0:00:13]}  b5 {[%clk 0:00:51]} 31. Ng5 {[%clk 0:00:08]}  Bf6 {[%clk 0:00:51]} 32. Re3 {[%clk 0:00:07]}  Bxg5 {[%clk 0:00:50]} 33. Rxd3 {[%clk 0:00:07]}  Rc8 {[%clk 0:00:45]} 34. h3 {[%clk 0:00:06]}  Rc1+ {[%clk 0:00:44]} 35. Nf1 {[%clk 0:00:05]}  b4 {[%clk 0:00:43]} 36. g3 {[%clk 0:00:04]}  a5 {[%clk 0:00:42]} 37. f4 {[%clk 0:00:05]}  Bf6 {[%clk 0:00:42]} 38. Kf2 {[%clk 0:00:05]}  a4 {[%clk 0:00:41]} 39. Ne3 {[%clk 0:00:04]}  a3 {[%clk 0:00:40]} 40. Ng4 {[%clk 0:00:00]}  Kg7 {[%clk 0:00:37]} 0-1

[Event "April 9 Late 2024"]
[Site "Chess.com"]
[Date "2024.04.10"]
[Round "7"]
[White "Melikhov, Evgeny V."]
[Black "Temirlan Baltabaev"]
[Result "1/2-1/2"]
[Board "76"]
[WhiteFideId "4122046"]
[BlackFideId "4112172"]
[WhiteTitle "FM"]
[BlackTitle "FM"]
[WhiteElo "2456"]
[BlackElo "2614"]
[WhiteTeam "GRE"]
[BlackTeam "RUS"]
[WhiteClock "0:00:32"]
[BlackClock "0:00:19"]
[Variant "Standard"]

1. d4 {[%clk 0:03:00]}  Nf6 {[%clk 0:02:58]} 2. c4 {[%clk 0:03:01]}  e6 {[%clk 0:02:58]} 3. Nc3 {[%clk 0:03:01]}  c5 {[%clk 0:02:58]} 4. d5 {[%clk 0:03:00]}  exd5 {[%clk 0:02:59]} 5. cxd5 {[%clk 0:03:01]}  d6 {[%clk 0:02:59]} 6. Nf3 {[%clk 0:03:01]}  g6 {[%clk 0:03:00]} 7. h3 {[%clk 0:03:01]}  Bg7 {[%clk 0:02:59]} 8. e4 {[%clk 0:03:02]}  a6 {[%clk 0:02:59]} 9. a4 {[%clk 0:03:01]}  O-O {[%clk 0:02:59]} 10. Bd3 {[%clk 0:03:00]}  Nbd7 {[%clk 0:02:58]} 11. O-O {[%clk 0:02:59]}  Ne8 {[%clk 0:02:53]} 12. Bg5 {[%clk 0:02:40]}  f6 {[%clk 0:02:49]} 13. Bf4 {[%clk 0:02:36]}  Qe7 {[%clk 0:02:47]} 14. Nd2 {[%clk 0:02:22]}  Rb8 {[%clk 0:02:40]} 15. Bh2 {[%clk 0:02:15]}  Nc7 {[%clk 0:02:28]} 16. Nc4 {[%clk 0:02:03]}  Ne5 {[%clk 0:02:27]} 17. Nb6 {[%clk 0:02:03]}  Na8 {[%clk 0:02:04]} 18. Nxc8 {[%clk 0:01:49]}  Rbxc8 {[%clk 0:01:59]} 19. f4 {[%clk 0:01:47]}  Nd7 {[%clk 0:01:57]} 20. Qg4 {[%clk 0:01:33]}  c4 {[%clk 0:01:49]} 21. Qe6+ {[%clk 0:01:11]}  Qxe6 {[%clk 0:01:37]} 22. dxe6 {[%clk 0:01:11]}  cxd3 {[%clk 0:01:26]} 23. exd7 {[%clk 0:01:10]}  Rcd8 {[%clk 0:01:25]} 24. Rad1 {[%clk 0:01:10]}  Rxd7 {[%clk 0:01:17]} 25. Rxd3 {[%clk 0:01:10]}  Nc7 {[%clk 0:01:14]} 26. Rfd1 {[%clk 0:01:06]}  Rfd8 {[%clk 0:01:04]} 27. b3 {[%clk 0:00:58]}  f5 {[%clk 0:00:59]} 28. e5 {[%clk 0:00:54]}  Ne6 {[%clk 0:00:47]} 29. Nd5 {[%clk 0:00:42]}  Nc5 {[%clk 0:00:45]} 30. Rc3 {[%clk 0:00:36]}  Ne4 {[%clk 0:00:42]} 31. Rc7 {[%clk 0:00:35]}  Rxc7 {[%clk 0:00:39]} 32. Nxc7 {[%clk 0:00:34]}  Rc8 {[%clk 0:00:36]} 33. exd6 {[%clk 0:00:33]}  Nxd6 {[%clk 0:00:35]} 34. Rxd6 {[%clk 0:00:33]}  Rxc7 {[%clk 0:00:35]} 35. Bg3 {[%clk 0:00:31]}  Rc3 {[%clk 0:00:30]} 36. Bh4 {[%clk 0:00:31]}  Rxb3 {[%clk 0:00:18]} 37. Rd8+ {[%clk 0:00:31]}  Kf7 {[%clk 0:00:19]} 38. Rd7+ {[%clk 0:00:32]}  Kg8 {[%clk 0:00:18]} 39. Rd8+ {[%clk 0:00:32]}  Kf7 {[%clk 0:00:19]} 40. Rd7+ {[%clk 0:00:32]}  Kg8 {[%clk 0:00:19]} 41. Rd8+ {[%clk 0:00:32]} 1/2-1/2